000
00212 a2200097 4500
001
48613
100
_a
Doganis, Rigas
245
_a
Flying off course
260
_a
London
_b
George Allen
_c
090
_c
31540
_d
31540
942
_a
NUST-CAE
_c
M
_c
23937
999
_c
283686
_d
283686